Click the Country Quiz Stats

 Plays Quiz Updated Jul 2, 2016

Challenge
Share
Tweet
Score 0/30 Timer 08:00
22 Plays Today
% Correct
Canada
86.9%
Greece
85.2%
Spain
84.6%
New Zealand
83.9%
Chile
82.9%
Japan
76.9%
Fiji
76.5%
Germany
75%
Israel
74.3%
Jamaica
71.4%
Papua New Guinea
67.9%
Iran
67.6%
Oman
67.1%
Peru
64.8%
Mali
63.9%
% Correct
DRC
63.7%
Netherlands
63%
Laos
62.7%
Ethiopia
62.3%
Myanmar
62%
Taiwan
61.7%
Senegal
60.2%
Bulgaria
58%
Niger
56%
Tunisia
56%
Uruguay
55.8%
Kazakhstan
52.9%
Kosovo
49.9%
Haiti
48.9%
Estonia
41.9%

You're not logged in!

Compare scores with friends on all Sporcle quizzes.
Join for Free
OR
Log In

You Might Also Like...

Show Comments

Extras

Top Quizzes Today


Score Distribution

Your Account Isn't Verified!

In order to create a playlist on Sporcle, you need to verify the email address you used during registration. Go to your Sporcle Settings to finish the process.

Report this User

Report this user for behavior that violates our Community Guidelines.

Details: